[Event "Let's Play Chess!"]
[Site "http://www.queenalice.com/game.php?id=249928"]
[Date "2007.8.3"]
[Round "-"]
[White "Danzim23"]
[Black "yoke"]
[Result "1-0"]
[WhiteElo "1345"]
[BlackElo "1166"]

1. Nf3 e6 2. d4 d5 3. Bg5 Bb4+ 4. c3 Be7 5. h4 h6 6. Bf4 Bd7 7. Qb3 Bc6 8. e3
Qd7 9. Ne5 Qd8 10. Nxc6 Nxc6 11. Qxb7 Na5 12. Qxc7 Nf6 13. Bb5+ Nd7 14. b4 a6
15. Bxd7+ Kf8 16. bxa5 Rc8 17. Bxc8 Qe8 18. Bd7 Qd8 19. Nd2 e5 20. Bxe5 f6 21.
Bd6 Kf7 22. Rb1 Qxc7 23. Bxc7 Rc8 24. Bxc8 f5 25. Rb6 Ba3 26. Be6+ Ke7 27. Bxd5
Bb2 28. Rxb2 Kd7 29. Be5 g6 30. Rb7+ Kc8 31. h5 g5 32. Nc4 Kd8 33. Nd6 f4 34.
Bf6# 1-0

[Event "AUTO-OPEN-770"]
[Site "http://www.queenalice.com/game.php?id=250081"]
[Date "2007.8.3"]
[Round "1"]
[White "Tiorrona"]
[Black "Danzim23"]
[Result "0-1"]
[WhiteElo "1265"]
[BlackElo "1321"]

1. e4 Nf6 2. Qf3 h5 3. Bc4 b6 4. e5 d5 5. exf6 Bb7 6. Bb3 gxf6 7. Nc3 Bc6 8.
Bxd5 e6 9. Bxc6+ Nxc6 10. Qxc6+ Ke7 11. b3 f5 0-1

[Event "AUTO-OPEN-770"]
[Site "http://www.queenalice.com/game.php?id=250082"]
[Date "2007.8.3"]
[Round "1"]
[White "Danzim23"]
[Black "Tiorrona"]
[Result "1-0"]
[WhiteElo "1345"]
[BlackElo "1265"]

1. Nf3 Nc6 2. d4 e6 3. c3 Bd6 4. Qd3 Nf6 5. Na3 Bxa3 6. bxa3 O-O 7. Ng5 h6 8.
Nh3 b6 9. g3 Bb7 10. e4 Na5 11. d5 exd5 12. exd5 1-0

[Event "AUTO-OPEN-770"]
[Site "http://www.queenalice.com/game.php?id=250107"]
[Date "2007.8.3"]
[Round "1"]
[White "Danzim23"]
[Black "DenisDiaz"]
[Result "0-1"]
[WhiteElo "1300"]
[BlackElo "1831"]

1. Nc3 d5 2. d4 Bf5 3. e3 e6 4. g4 Bg6 5. h3 h6 6. a4 Nc6 7. Ra3 Bxa3 8. bxa3 a6
9. Bd3 Nge7 10. e4 Nxd4 11. exd5 Nxd5 12. Nxd5 Qxd5 13. f3 O-O-O 14. Be4 Bxe4
15. fxe4 Qxe4+ 16. Ne2 Qxh1+ 17. Kd2 Nf3+ 18. Kc3 Qxd1 0-1

[Event "AUTO-OPEN-770"]
[Site "http://www.queenalice.com/game.php?id=250108"]
[Date "2007.8.3"]
[Round "1"]
[White "DenisDiaz"]
[Black "Danzim23"]
[Result "1-0"]
[WhiteElo "1848"]
[BlackElo "1345"]

1. d4 Nc6 2. Nf3 d5 3. Bf4 e6 4. h3 Qf6 5. e3 Bd6 6. Bxd6 cxd6 7. b3 e5 8. dxe5
Nxe5 9. Nxe5 Qxe5 10. Nd2 d4 11. e4 d5 12. Bb5+ Bd7 13. Bxd7+ Kxd7 14. Qg4+ f5
15. Qxf5+ Qe6 16. Qxe6+ Kxe6 17. exd5+ Kxd5 18. O-O-O Nf6 19. Nf3 Rac8 20. Rxd4+
Kc6 21. Rhd1 Kc7 22. Rc4+ Kb8 23. Rxc8+ Rxc8 24. Ne5 Ne4 25. Rd7 Re8 26. Nd3 Nc3
27. Kb2 Kc8 28. Rxg7 Nd1+ 29. Ka3 h5 30. Rh7 Re6 31. Rxh5 Ra6+ 32. Kb4 Rb6+ 33.
Rb5 Rd6 34. a4 a6 35. Re5 Rb6+ 36. Kc5 Rc6+ 37. Kd4 Rd6+ 38. Ke4 Nc3+ 39. Kf5
Nd5 40. Re6 Kd7 41. Rxd6+ Kxd6 42. g4 Ne7+ 43. Kg5 Ke6 44. h4 Kf7 45. f4 Ng8 46.
h5 Nf6 47. Ne5+ Ke6 48. Kg6 Nd5 49. Nd3 Ne7+ 50. Kg7 Nd5 51. h6 Nf6 52. h7 b5
53. h8=Q bxa4 54. bxa4 Nxg4 55. Qc8+ Kd5 56. Qxg4 1-0

[Event "AUTO-OPEN-770"]
[Site "http://www.queenalice.com/game.php?id=250109"]
[Date "2007.8.3"]
[Round "1"]
[White "Danzim23"]
[Black "Roman"]
[Result "0-1"]
[WhiteElo "1363"]
[BlackElo "1929"]

1. Nf3 d5 2. d4 Nf6 3. e3 e6 4. Qd3 Bd7 5. Qb3 Qc8 6. Bb5 c6 7. Bd3 c5 8. Bb5
Nc6 9. dxc5 Bxc5 10. Nd4 Bxd4 11. exd4 Nxd4 12. Bxd7+ Qxd7 13. Qd3 e5 14. f4 Nc6
15. fxe5 Nxe5 16. Qe3 Qe6 17. Rf1 O-O 18. Nc3 Rfe8 19. Rf4 Qc6 20. Rxf6 Nd3+ 21.
cxd3 Rxe3+ 22. Bxe3 Qxf6 23. d4 Qh4+ 24. Kd2 Qxh2 25. Rf1 Re8 26. Nxd5 Qxg2+ 27.
Rf2 Qxd5 28. Kd3 Qb5+ 29. Kc3 Rc8+ 30. Kd2 Qxb2+ 31. Kd3 Qb1+ 32. Ke2 Rc2+ 33.
Kf3 Qd1+ 34. Ke4 Rxf2 35. Bxf2 f5+ 36. Ke3 Qg4 37. d5 Qe4+ 38. Kd2 Qxd5+ 39. Ke3
Qxa2 40. Bg3 a5 41. Kf4 Qc2 42. Ke5 a4 43. Ke6 a3 44. Be5 Qe4 45. Kd6 a2 46. Bc3
Qd3+ 0-1

[Event "AUTO-OPEN-770"]
[Site "http://www.queenalice.com/game.php?id=250110"]
[Date "2007.8.3"]
[Round "1"]
[White "Roman"]
[Black "Danzim23"]
[Result "1-0"]
[WhiteElo "1972"]
[BlackElo "1389"]

1. e4 Nf6 2. e5 Nd5 3. c4 Nf4 4. d4 Ne6 5. d5 Nc5 6. b4 Nca6 7. a3 d6 8. Nf3 e6
9. Nc3 dxe5 10. Nxe5 Bd6 11. f4 Qh4+ 12. g3 Qf6 13. Ne4 Qf5 14. Bd3 f6 15. Nxd6+
cxd6 16. Bxf5 exf5 17. Qh5+ g6 18. Nxg6 Rg8 19. Qxh7 Rxg6 20. Qxg6+ Ke7 21. Qg7+
Kd8 22. Qxf6+ Kc7 23. Qe7+ Bd7 24. O-O Kc8 25. Qxd6 Ba4 26. b5 Bc2 27. bxa6 bxa6
28. c5 Nd7 29. c6 Nb6 30. Be3 Rb8 31. Bxb6 Rxb6 32. Qd7+ 1-0

[Event "Challenge"]
[Site "http://www.queenalice.com/game.php?id=251929"]
[Date "2007.8.6"]
[Round "-"]
[White "robert_13"]
[Black "Danzim23"]
[Result "0-1"]
[WhiteElo "1034"]
[BlackElo "1300"]

1. d4 Nc6 2. e4 e5 3. dxe5 Nxe5 4. c4 a5 5. Qd4 d6 6. c5 Nc6 7. Qa4 dxc5 8. h4
Bd7 9. Bg5 Nce7 10. Bc4 Bxa4 11. Rh3 Qd1# 0-1

[Event "Challenge"]
[Site "http://www.queenalice.com/game.php?id=257189"]
[Date "2007.8.18"]
[Round "-"]
[White "Tiagoviegas"]
[Black "Danzim23"]
[Result "0-1"]
[WhiteElo "1455"]
[BlackElo "1389"]

1. e4 d5 2. Qf3 Be6 3. Nc3 Nf6 4. h3 dxe4 5. Nxe4 Bd5 6. Bd3 e6 7. c4 Bc6 8. Ne2
Na6 9. g4 Nc5 10. N2c3 Nxd3+ 11. Kd1 Nxc1 12. Rxc1 Qd7 13. Re1 Rd8 14. Re2 h5
15. g5 Nxe4 16. Nxe4 f5 17. Qe3 Bxe4 18. f3 Bc6 19. Rc3 b6 20. g6 Bc5 21. Qg5
Rh6 22. a3 Be7 23. Qg3 h4 24. Qf4 Bd6 25. Qe3 Rxg6 26. b4 Rg3 27. b5 Bxf3 28.
Qxe6+ Qxe6 29. Ke1 Qxe2# 0-1